00576nam a2200193Ia 4500003000500000008004100005040001900046082000700065100001700072100002000089245004600109260003600155300001400191365000800205546001200213942001600225999001700241952012400258STCL221019s9999 xx 000 0 und d aSTCLcSTCLbEN 222 aArup, Sarkar aMajumdar, Anadi 0aOrganic chemistry: fundamental approaches bBooks and AlliedaKolkatac2014 aiv, 966 p b645 aEnglish cBK2DDCe22 c87500d87500 00102DDC4070aSTCALbSTCALcGENd2022-10-19l1m1o547 MAJ-Op96098r2023-02-22 00:00:00s2023-02-06w2022-10-19yBK